000 00284nam a22001337a 4500
008 170302b xxu||||| |||| 00| 0 eng d
020 _a9780697422965
041 _aeng
080 _23RD
_a575
100 _a6
101 _aSHM
245 _aHUMAN GENETICS
_cLEWIS, R
942 _2udc
_cBK
999 _c6599
_d6599